Southville International School and Colleges
Your cart is empty.
  • Cart
  • Lists
    Public lists Eva Luna New books Lux_list list_1
    Your lists Log in to create your own lists
  • Log in to your account
  • Your cookies
  • Search history
Southville International School and Colleges
  • Advanced search
  • Recent comments
  • Most popular
  • Libraries

Log in to your account

Log in with GOOGLE


If you do not have an external account, but do have a local account, you can still log in:

  1. Home
  2. MARC view: Digital marketing : integrated approach to online marketing
Normal view MARC view ISBD view

Digital marketing : integrated approach to online marketing (Record no. 365902)

[ view plain ]
MARC details
000 -LEADER
fixed length control field 00656nam a22002057a 4500
003 - CONTROL NUMBER IDENTIFIER
control field 0
005 - DATE AND TIME OF LATEST TRANSACTION
control field 20240206093358.0
008 - FIXED-LENGTH DATA ELEMENTS--GENERAL INFORMATION
fixed length control field 240206b xxu||||| |||| 00| 0 eng d
020 ## - INTERNATIONAL STANDARD BOOK NUMBER
International Standard Book Number 978-1-3986-0597-8
050 ## - LIBRARY OF CONGRESS CALL NUMBER
Classification number HF 5548.32
Item number .K56 2022
100 ## - MAIN ENTRY--PERSONAL NAME
Personal name Kingsnorth, Simon
245 ## - TITLE STATEMENT
Title Digital marketing : integrated approach to online marketing
Statement of responsibility, etc Simon Kingsnorth
250 ## - EDITION STATEMENT
Edition statement 3rd edition
260 ## - PUBLICATION, DISTRIBUTION, ETC. (IMPRINT)
Place of publication, distribution, etc London
Name of publisher, distributor, etc Kogan Page Limited
Date of publication, distribution, etc c2022.
300 ## - PHYSICAL DESCRIPTION
Extent xvi, 399 pages ;
Dimensions 24 cm.
504 ## - BIBLIOGRAPHY, ETC. NOTE
Bibliography, etc Includes bibliographical references, index, glossary.
650 ## - SUBJECT ADDED ENTRY--TOPICAL TERM
Topical term or geographic name as entry element Internet marketing.
650 ## - SUBJECT ADDED ENTRY--TOPICAL TERM
Topical term or geographic name as entry element Electronic commerce--Marketing.
942 ## - ADDED ENTRY ELEMENTS (KOHA)
Source of classification or shelving scheme Library of Congress Classification
Koha item type Books
Holdings
Withdrawn status Lost status Source of classification or shelving scheme Damaged status Home library Current library Shelving location Date acquired Source of acquisition Sub Shelving location Total Checkouts Full call number Barcode Date last seen Date checked out Price effective from Koha item type
    Library of Congress Classification   College Library College Library Reserve Section 02/06/2024 Library Fund   1 HF 5548.32 .K56 2022 C23280 06/21/2024 02/12/2024 02/06/2024 Books

Digital marketing : integrated approach to online marketing

APA

Kingsnorth S., . (2022). Digital marketing : integrated approach to online marketing. London: Kogan Page Limited.

Chicago

Kingsnorth Simon, . 2022. Digital marketing : integrated approach to online marketing. London: Kogan Page Limited.

Harvard

Kingsnorth S., . (2022). Digital marketing : integrated approach to online marketing. London: Kogan Page Limited.

MLA

Kingsnorth Simon, . Digital marketing : integrated approach to online marketing. London: Kogan Page Limited. 2022.

  • Place hold
  • Print
  • Cite
  • Add to your cart (remove)
  • Save record
    BIBTEX Dublin Core MARCXML MARC (non-Unicode/MARC-8) MARC (Unicode/UTF-8) MARC (Unicode/UTF-8, Standard) MODS (XML) RIS
  • More searches
    Search for this title in:
    Other Libraries (WorldCat) Other Databases (Google Scholar) Online Stores (Bookfinder.com) Open Library (openlibrary.org)

Exporting to Dublin Core...

SOUTHVILLE LIBRARY

Southville International School and Colleges Library

1281 Tropical Ave. Cor. Luxembourg St., BF Homes International, Las Pinas City

Tel. No. 8256374 / 252358 Loc. 117/146

Powered by Koha